000 00217nam a22000857a 4500
008 161202b xxu||||| |||| 00| 0 eng d
100 _91770
_aAsthana. G. R
245 _aMouse learns a lesson
260 _aNew delhi
_bCBT
_c2011
999 _c4478
_d4478